书目信息 |
| 题名: |
上市公司财务报告欺诈与公司治理
|
|
| 作者: | 杨丹, 著 | |
| 分册: | ||
| 出版信息: | 上海 东方出版中心 2016 |
|
| 页数: | 10, 202页 | |
| 开本: | 24cm | |
| 丛书名: | 公司治理与国企改革研究丛书 | |
| 单 册: | ||
| 中图分类: | F279.246 | |
| 科图分类: | ||
| 主题词: | 上市公司--shang shi gong si--会计报表--研究--中国 , 上市公司--shang shi gong si--企业管理--研究--中国 | |
| 电子资源: | ||
| ISBN: | 978-7-5473-0896-7 | |
| 000 | 01528nam0 22003131 450 | |
| 001 | 0122100651 | |
| 005 | 20170322100651.0 | |
| 010 | @a978-7-5473-0896-7@dCNY49.80 | |
| 100 | @a20160119d2016 em y0chiy50 ea | |
| 101 | 0 | @achi |
| 102 | @aCN@b310000 | |
| 105 | @aak a 000yy | |
| 106 | @ar | |
| 200 | 1 | @a上市公司财务报告欺诈与公司治理@9shang shi gong si cai wu bao gao qi zha yu gong si zhi li@dFraudulent financial reporting and corporate governance in China's listed companies@f杨丹著@zeng |
| 210 | @a上海@c东方出版中心@d2016 | |
| 215 | @a10, 202页@c图@d24cm | |
| 225 | 2 | @a公司治理与国企改革研究丛书@9gong si zhi li yu guo qi gai ge yan jiu cong shu |
| 300 | @a教育部人文社会科学研究青年基金项目 (14YJC790149) 阶段性成果 中央高校基本科研业务费专项项目 (SKZZX2013036) 阶段性成果 国家社科基金重点项目 (12AZD059) 阶段性成果 | |
| 314 | @a杨丹, 1983年生, 博士, 中国注册会计师。 | |
| 320 | @a有书目 (第184-201页) | |
| 330 | @a本书内容包括: 账务报告欺诈理论与实证研究、账务报告欺诈与公司治理的理论框架、实证分析的研究设计、账务报告欺诈公司的特征描述、账务报告欺诈与股权的实证分析等。 | |
| 461 | 0 | @12001 @a公司治理与国企改革研究丛书 |
| 510 | 1 | @aFraudulent financial reporting and corporate governance in China's listed companies@zeng |
| 606 | 0 | @a上市公司@9shang shi gong si@x会计报表@x研究@y中国 |
| 606 | 0 | @a上市公司@9shang shi gong si@x企业管理@x研究@y中国 |
| 690 | @aF279.246@v5 | |
| 701 | 0 | @a杨丹,@9yang dan ,@f1983-@4著 |
| 801 | 0 | @aCN@bTANGWEI@c20161129 |
| 905 | @b0958702-5@dF279.246@e1354@f4 | |
| 上市公司财务报告欺诈与公司治理=Fraudulent financial reporting and corporate governance in China's listed companies/杨丹著.-上海:东方出版中心,2016 |
| 10, 202页:图;24cm.-(公司治理与国企改革研究丛书) |
| 教育部人文社会科学研究青年基金项目 (14YJC790149) 阶段性成果 中央高校基本科研业务费专项项目 (SKZZX2013036) 阶段性成果 国家社科基金重点项目 (12AZD059) 阶段性成果 |
| ISBN 978-7-5473-0896-7:CNY49.80 |
| 本书内容包括: 账务报告欺诈理论与实证研究、账务报告欺诈与公司治理的理论框架、实证分析的研究设计、账务报告欺诈公司的特征描述、账务报告欺诈与股权的实证分析等。 |
| ● |
| 相关链接 |
|
|
|
|
正题名:上市公司财务报告欺诈与公司治理
索取号:F279.246/1354
 
预约/预借
| 序号 | 登录号 | 条形码 | 馆藏地/架位号 | 状态 | 备注 |
| 1 | 0958702 | 209587026 | 第一样本阅览室/ [索取号:F279.246/1354] | 在馆 | |
| 2 | 0958703 | 209587035 | 密集书库-海洋学院/ [索取号:F279.246/1354] | 在馆 | |
| 3 | 0958704 | 209587044 | 第一借阅区/ [索取号:F279.246/1354] | 在馆 | |
| 4 | 0958705 | 209587053 | 第一借阅区/ [索取号:F279.246/1354] | 在馆 |